Semiclassical analysis

Αποθηκεύτηκε σε:
Λεπτομέρειες βιβλιογραφικής εγγραφής
Κύριος συγγραφέας: Zworski, Maciej
Μορφή: Βιβλίο
Γλώσσα:English
Δημοσίευση: Providence, R.I. : American Mathematical Society, c2012
Σειρά:Graduate studies in mathematics ; ; 138
Θέματα:
Ετικέτες: Προσθήκη ετικέτας
Δεν υπάρχουν, Καταχωρήστε ετικέτα πρώτοι!

MARC

LEADER 00000nam a2200000 i 4500
001 1/63826
008 150116s2012 eng d
020 |a 978-0-8218-8320-4 
035 |l 10120481 
040 |a GR-MY-UA  |b gre  |e aacr 
041 0 |a eng 
082 0 |a 515  |2 (23) 
100 1 |a Zworski, Maciej. 
245 1 0 |a Semiclassical analysis /  |c Maciej Zworski 
260 |a Providence, R.I. :   |b American Mathematical Society,   |c c2012 
300 |a xii, 431 σ.;  |c 27 εκ. 
490 1 |a Graduate studies in mathematics  |v ; 138 
504 |a Βιβλιογραφία: σ.421-426. Ευρετήριο 
650 0 0 |a Quantum theory  |x Mathematics. 
650 0 0 |a Differential equations, Partial. 
830 0 |a Graduate studies in mathematics ;  |v ; 138 
852 |a INST  |b SAMOS  |e 20150116  |h 515 ZWO  |p 005300041242  |q 005300041242  |t BK  |y 0 
901 |a BIBL3-2015-1 
909 |a Σ  |b 189172 
922 |a 3ΕΛΗ  |b 201405  |c ΤΣΑΧΜ  |d ΔΙΑΔΡΟΜΕΣ 
970 |a ΚΟΣΙΕΡΗΣ  |b ΧΡΗΣΤΟΣ  |z 2015/01/16